[Event "World Senior Teams +50"]
[Site "Radebeul GER"]
[Date "2016.07.02"]
[Round "7.6"]
[Board "3"]
[White "Stahr, Ralf-Peter"]
[Black "Brueggemann, Joachim"]
[Result "0-1"]
[BlackTitle "IM"]
[WhiteElo "2018"]
[BlackElo "2304"]
[WhiteTeam "Stiftung BSW / DBAG II"]
[BlackTeam "Thueringen"]
[WhiteFideId "4661745"]
[BlackFideId "4611861"]
[EventDate "2016.06.26"]

1. c4 e5 2. Nc3 Nf6 3. Nf3 Nc6 4. e3 Bb4 5. Qb3 Bxc3 6. Qxc3 Qe7 7. d4 exd4 8.
Nxd4 Nxd4 9. Qxd4 O-O 10. Be2 c5 11. Qf4 d5 12. cxd5 Nxd5 13. Qf3 Nb4 14. O-O
Be6 15. b3 Rfd8 16. Rd1 Bd5 17. Qf4 Rd6 18. Bb2 Rad8 19. Rd2 Qe4 20. Qxe4 Bxe4
21. Rxd6 Rxd6 22. Bc3 Kf8 23. f3 Bg6 24. Kf2 f6 25. e4 a5 26. a3 Nc6 27. Rd1
Rxd1 28. Bxd1 b5 29. Ke3 b4 30. Bb2 Bf7 31. f4 Ke7 32. Kd3 Kd6 33. g4 g5 34. a4
gxf4 35. Bxf6 Ne5+ 36. Kc2 Bg6 37. Bd8 Bxe4+ 38. Kd2 Nc6 39. Bf6 Nd4 40. Bd8 Nc6
41. Bf6 Ke6 42. Bg5 Ke5 43. h3 Bd5 44. Kd3 Nd4 45. Bd8 Bxb3 46. Bxb3 Nxb3 47.
Bc7+ Kd5 48. Bxf4 c4+ 49. Kc2 Nd4+ 50. Kb1 c3 51. h4 Ke4 52. Bh6 Kf3 53. Bg7 Ne2
54. g5 Kg4 55. Bf6 0-1

[Event "World Senior Teams +50"]
[Site "Radebeul GER"]
[Date "2016.07.02"]
[Round "7.6"]
[Board "4"]
[White "Sandner, Gunter"]
[Black "Schneider, Karl-Heinz"]
[Result "1/2-1/2"]
[WhiteTitle "FM"]
[WhiteElo "2267"]
[BlackElo "1975"]
[WhiteTeam "Thueringen"]
[BlackTeam "Stiftung BSW / DBAG II"]
[WhiteFideId "4646401"]
[BlackFideId "24675300"]
[EventDate "2016.06.26"]

1. d4 d5 2. c4 e6 3. Nf3 Nf6 4. g3 Nbd7 5. Bg2 g6 6. O-O Bg7 7. Bf4 O-O 8. Qc1
c6 9. Bg5 Qb6 10. c5 Qa6 11. Re1 b6 12. cxb6 Qxb6 13. Nc3 Ba6 14. a3 Rac8 15. b4
Bc4 16. Na4 Qa6 17. Qc2 Ne4 18. Bf4 Bb5 19. Nb2 Qb6 20. Be3 a5 21. Ne5 Nef6 22.
Nbd3 Bxd3 23. Qxd3 axb4 24. Reb1 Qc7 25. Nxd7 Nxd7 26. axb4 Nb6 27. Bf4 Qd8 28.
Ra7 Nc4 1/2-1/2

[Event "World Senior Teams +50"]
[Site "Radebeul GER"]
[Date "2016.07.02"]
[Round "7.7"]
[Board "1"]
[White "Clara, Hans-Joachim"]
[Black "Heidrich, Manfred"]
[Result "1/2-1/2"]
[WhiteTitle "FM"]
[BlackTitle "FM"]
[WhiteElo "2320"]
[BlackElo "2339"]
[WhiteTeam "Hessische Seniorenmannschaft"]
[BlackTeam "SC Forchheim e.V."]
[WhiteFideId "4600380"]
[BlackFideId "4602722"]
[EventDate "2016.06.26"]

1. Nf3 f5 2. c4 Nf6 3. g3 g6 4. Bg2 Bg7 5. O-O d6 6. Nc3 O-O 7. d3 Nc6 8. Rb1 h6
9. b4 e5 10. b5 Ne7 11. a4 Rb8 12. Ba3 g5 13. Ne1 Be6 14. Nc2 1/2-1/2

[Event "World Senior Teams +50"]
[Site "Radebeul GER"]
[Date "2016.07.02"]
[Round "7.7"]
[Board "3"]
[White "Bosbach, Gerhard"]
[Black "Seyb, Dieter"]
[Result "1-0"]
[BlackTitle "FM"]
[WhiteElo "2217"]
[BlackElo "2265"]
[WhiteTeam "Hessische Seniorenmannschaft"]
[BlackTeam "SC Forchheim e.V."]
[WhiteFideId "4605063"]
[BlackFideId "4603346"]
[EventDate "2016.06.26"]

1. d4 Nf6 2. c4 g6 3. Nc3 d5 4. Nf3 Bg7 5. Bg5 Ne4 6. Bf4 Nxc3 7. bxc3 c5 8.
cxd5 Qxd5 9. e3 O-O 10. Be2 Nc6 11. O-O cxd4 12. cxd4 b6 13. Qa4 Bb7 14. Ba6 Qa5
15. Qxa5 Nxa5 16. Bxb7 Nxb7 17. Rac1 Rfc8 18. a4 Kf8 19. g4 Ke8 20. h4 Bf6 21.
h5 gxh5 22. g5 Bg7 23. Kg2 Kd7 24. Rxc8 Rxc8 25. Rh1 Nd6 26. Rxh5 Rc4 27. Rxh7
Ne8 28. Rxg7 Nxg7 29. Ne5+ Ke6 30. Nxc4 Kd5 31. Nd2 Ne6 32. Kf3 a6 33. Kg4 b5
34. axb5 axb5 35. Be5 Nd8 36. e4+ 1-0

[Event "World Senior Teams +50"]
[Site "Radebeul GER"]
[Date "2016.07.02"]
[Round "7.7"]
[Board "4"]
[White "Kannenberg, Karl-Heinz"]
[Black "Kargoll, Herbert"]
[Result "0-1"]
[WhiteElo "2236"]
[BlackElo "2185"]
[WhiteTeam "SC Forchheim e.V."]
[BlackTeam "Hessische Seniorenmannschaft"]
[WhiteFideId "4643348"]
[BlackFideId "4636007"]
[EventDate "2016.06.26"]

1. d4 Nf6 2. Nf3 e6 3. c4 b6 4. g3 Ba6 5. b3 b5 6. cxb5 Bxb5 7. Ba3 Bxa3 8. Nxa3
Bc6 9. Bg2 Qe7 10. Nc2 a5 11. O-O Na6 12. Ne5 Bxg2 13. Kxg2 Nb4 14. a3 Nbd5 15.
Qd3 Nh5 16. Qf3 g6 17. e4 Nb6 18. Ne3 f6 19. N5c4 O-O 20. Rfc1 Nxc4 21. Rxc4
Rab8 22. d5 f5 23. exf5 exf5 24. d6 cxd6 25. Rd1 Nf6 26. Nd5 Qe6 27. Nxf6+ Rxf6
28. Rd5 Qe1 29. b4 axb4 30. axb4 Re6 31. b5 Qa5 32. Qb3 Qa8 33. Rd4 Kf8 34. Kh3
Rb6 35. Qf3 Qa1 36. Rd1 Qf6 37. Qf4 Kg7 38. Qc4 Qd8 39. Qd4+ Kf7 40. Qc4 Qb8 41.
R1d4 Ke7 42. Qd3 Qc7 43. Qd2 Qb8 44. Qh6 Qh8 45. Qh4+ Kf7 46. Rc4 Rb7 47. b6
Rxb6 48. Rc7 Re4 49. Rxf5+ gxf5 50. Rxd7+ Kg6 51. f4 h6 52. Rd8 Re8 0-1

[Event "World Senior Teams +50"]
[Site "Radebeul GER"]
[Date "2016.07.02"]
[Round "7.8"]
[Board "1"]
[White "Petran, Peter"]
[Black "Wuttke, Hans"]
[Result "1-0"]
[WhiteTitle "IM"]
[WhiteElo "2331"]
[BlackElo "2140"]
[WhiteTeam "Slovakia"]
[BlackTeam "Empor Potsdam"]
[WhiteFideId "14900114"]
[BlackFideId "4636120"]
[EventDate "2016.06.26"]

1. g3 c5 2. Bg2 Nc6 3. e4 g6 4. Ne2 Bg7 5. O-O d6 6. c3 e5 7. d3 Nge7 8. Be3 O-O
9. d4 b6 10. d5 Na5 11. Na3 f5 12. b4 Nb7 13. f3 f4 14. gxf4 exf4 15. Bxf4 cxb4
16. cxb4 Bd7 17. Rb1 Qe8 18. Qd2 Rc8 19. Rfc1 b5 20. Be3 g5 21. Bxg5 Ng6 22.
Rxc8 Bxc8 23. Rf1 Nd8 24. Bh6 Bxh6 25. Qxh6 Nf7 26. Qe3 Nfe5 27. f4 Ng4 28. Qg3
h5 29. h3 h4 30. Qd3 Nh6 31. Nxb5 Ba6 32. a4 Qb8 33. Qe3 Bxb5 34. axb5 Qxb5 35.
f5 Ne5 36. Qxh6 Qxe2 37. Qxh4 Rf7 38. f6 Qe3+ 39. Kh2 Rh7 40. Qg3+ Kf7 41. Qxe3
Ng4+ 42. Kg3 Nxe3 43. Rf3 Nc2 44. Rc3 Nxb4 45. e5 dxe5 46. Rc7+ Kg8 47. d6 1-0

[Event "World Senior Teams +50"]
[Site "Radebeul GER"]
[Date "2016.07.02"]
[Round "7.8"]
[Board "2"]
[White "Jeske, Eckhard"]
[Black "Motuz, Karol"]
[Result "0-1"]
[BlackTitle "FM"]
[WhiteElo "2171"]
[BlackElo "2333"]
[WhiteTeam "Empor Potsdam"]
[BlackTeam "Slovakia"]
[WhiteFideId "4641485"]
[BlackFideId "14902621"]
[EventDate "2016.06.26"]

1. c4 c6 2. Nc3 d5 3. cxd5 cxd5 4. d4 Nf6 5. Bf4 Nc6 6. e3 Qb6 7. Rb1 Bf5 8. Bd3
Bg6 9. Nf3 e6 10. Bxg6 hxg6 11. h3 Bb4 12. O-O O-O 13. Qd3 Qa5 14. Nd2 Rfc8 15.
Rfc1 a6 16. a3 Bf8 17. Nb3 Qd8 18. Rc2 Na5 19. Nxa5 Qxa5 20. Ne2 b5 21. Rxc8
Rxc8 22. Ng3 Qa4 23. f3 Qc2 24. Qxc2 Rxc2 25. Kf1 Nd7 26. Ne2 Nb6 27. Nc1 Nc4 0-1

[Event "World Senior Teams +50"]
[Site "Radebeul GER"]
[Date "2016.07.02"]
[Round "7.8"]
[Board "3"]
[White "Briestensky, Rastislav"]
[Black "Schulz, Michael1"]
[Result "1-0"]
[WhiteTitle "FM"]
[BlackTitle "FM"]
[WhiteElo "2339"]
[BlackElo "2127"]
[WhiteTeam "Slovakia"]
[BlackTeam "Empor Potsdam"]
[WhiteFideId "14900394"]
[BlackFideId "4616731"]
[EventDate "2016.06.26"]

1. d4 Nf6 2. Nf3 c5 3. c4 cxd4 4. Nxd4 e5 5. Nb5 d5 6. cxd5 Bc5 7. e3 O-O 8.
N5c3 e4 9. a3 a5 10. Nd2 Qe7 11. Qc2 Bf5 12. Nb3 Bb6 13. Na4 Rc8 14. Qd1 Nbd7
15. d6 Qe5 16. Nxb6 Nxb6 17. Qd4 Nbd7 18. Bd2 Qe6 19. Nxa5 Rxa5 20. Bxa5 Nc5 21.
Bc4 Nd3+ 22. Qxd3 Rxc4 23. Qd2 Rc5 24. Bc3 Rd5 25. Bd4 Qxd6 26. Rc1 Ng4 27. Qc3
Qe7 28. h3 Nf6 29. Qc7 Qe8 30. Bxf6 gxf6 31. O-O Qe6 32. Rfd1 Rb5 33. Rd6 Qe5
34. Rd8+ Kg7 35. Qxe5 fxe5 36. b4 Rb6 37. Rc5 Kf6 38. Rdd5 Re6 39. b5 Re8 40.
Rd6+ Be6 41. Rb6 Ra8 42. Rxb7 Rxa3 43. b6 Ra1+ 44. Kh2 Rb1 45. Kg3 Rb2 46. Rb8
h5 47. b7 1-0

[Event "World Senior Teams +50"]
[Site "Radebeul GER"]
[Date "2016.07.02"]
[Round "7.9"]
[Board "1"]
[White "Baarslag, Ed"]
[Black "Vogelmann, Peter"]
[Result "1/2-1/2"]
[WhiteElo "2098"]
[BlackElo "2227"]
[WhiteTeam "Oranje 2"]
[BlackTeam "SF Monheim Revival"]
[WhiteFideId "1014285"]
[BlackFideId "4634330"]
[EventDate "2016.06.26"]

1. d4 Nf6 2. Nf3 g6 3. c4 c5 4. d5 b5 5. Nbd2 Bg7 6. e4 bxc4 7. Bxc4 d6 8. O-O
O-O 9. Re1 Nfd7 10. Bf1 Ne5 11. Nxe5 Bxe5 12. Nc4 Bg7 13. Bf4 Ba6 14. Qd2 Bxc4
15. Bxc4 Nd7 16. Bh6 Rb8 17. Bxg7 Kxg7 18. f4 f6 19. Rab1 Qb6 20. a3 Qb7 1/2-1/2

[Event "World Senior Teams +50"]
[Site "Radebeul GER"]
[Date "2016.07.02"]
[Round "7.9"]
[Board "2"]
[White "Huelsmann, Josef"]
[Black "Van Geffen, Ben"]
[Result "1/2-1/2"]
[WhiteElo "2211"]
[BlackElo "2114"]
[WhiteTeam "SF Monheim Revival"]
[BlackTeam "Oranje 2"]
[WhiteFideId "4607929"]
[BlackFideId "1009370"]
[EventDate "2016.06.26"]

1. d4 g6 2. g3 Bg7 3. Bg2 c5 4. c3 cxd4 5. cxd4 d5 6. Nc3 Nf6 7. Nf3 O-O 8. O-O
Nc6 9. Ne5 e6 10. Bg5 h6 11. Bf4 Nxe5 12. Bxe5 b6 13. Rc1 Bb7 14. Qa4 Qe8 15.
Qb3 Qd7 1/2-1/2

[Event "World Senior Teams +50"]
[Site "Radebeul GER"]
[Date "2016.07.02"]
[Round "7.9"]
[Board "3"]
[White "Visser, Gerrit"]
[Black "Weber, Franz-Josef"]
[Result "0-1"]
[WhiteElo "2047"]
[BlackElo "2136"]
[WhiteTeam "Oranje 2"]
[BlackTeam "SF Monheim Revival"]
[WhiteFideId "207330"]
[BlackFideId "4684320"]
[EventDate "2016.06.26"]

1. e4 d6 2. d4 Nf6 3. Nc3 g6 4. f4 Bg7 5. Nf3 O-O 6. Bd3 Na6 7. O-O c5 8. Bxa6
cxd4 9. Nxd4 bxa6 10. Kh1 Bb7 11. Qd3 Qa5 12. Be3 Nxe4 13. Nxe4 Qd5 14. f5 Qxe4
15. Qxe4 Bxe4 16. fxg6 hxg6 17. c3 Rfc8 18. Rf2 e5 19. Nb3 f5 20. Bg5 Kf7 21.
Rd1 Ke6 22. Nd2 Bb7 23. Nb3 Rc7 24. Rfd2 Bf8 25. Na5 Be4 26. c4 f4 27. Re1 Kf5
28. Bh4 Rb8 29. a3 Rh7 30. Bf2 Be7 31. Kg1 Rbh8 32. h3 Ba8 33. b4 f3 34. g4+ Ke6 0-1

[Event "World Senior Teams +50"]
[Site "Radebeul GER"]
[Date "2016.07.02"]
[Round "7.9"]
[Board "4"]
[White "Ponater, Michael"]
[Black "Arp, Frans"]
[Result "1-0"]
[WhiteElo "2159"]
[BlackElo "2047"]
[WhiteTeam "SF Monheim Revival"]
[BlackTeam "Oranje 2"]
[WhiteFideId "4623983"]
[BlackFideId "1005987"]
[EventDate "2016.06.26"]

1. e4 e5 2. Bc4 Nf6 3. Nc3 Be7 4. d3 d6 5. f4 Nc6 6. Nf3 Bg4 7. h3 Bxf3 8. Qxf3
Nd4 9. Qf2 c6 10. fxe5 dxe5 11. a4 O-O 12. O-O Ne6 13. Be3 b6 14. Ne2 Bc5 15.
Bxe6 fxe6 16. Bxc5 bxc5 17. Qxc5 Qb6 18. Qxb6 axb6 19. b3 Rfd8 20. Kf2 Rd7 21.
Ke3 c5 22. g4 h6 23. Nc3 Ne8 24. Nb5 Nc7 25. Nc3 Ra5 26. Rf2 Ne8 27. Raf1 Nf6
28. Nb5 Kh7 29. Na3 Ra8 30. Nc4 Rb7 31. Nxe5 b5 32. axb5 Rxb5 33. Rg1 Rba5 34.
h4 Ra1 35. Rxa1 Rxa1 36. g5 Nh5 37. Rf8 hxg5 38. hxg5 Rg1 39. g6+ Kh6 40. Rh8+ 1-0

[Event "World Senior Teams +50"]
[Site "Radebeul GER"]
[Date "2016.07.02"]
[Round "7.10"]
[Board "1"]
[White "Jakel, Wolfgang"]
[Black "Buchal, Stephan"]
[Result "1/2-1/2"]
[BlackTitle "FM"]
[WhiteElo "2204"]
[BlackElo "2338"]
[WhiteTeam "VSG 1880 Offenbach"]
[BlackTeam "Werder/BSG Bremen"]
[WhiteFideId "4625676"]
[BlackFideId "4603915"]
[EventDate "2016.06.26"]

1. e4 g6 2. d4 Bg7 3. f4 c5 4. d5 d6 5. Nc3 a6 6. a4 e6 7. Nf3 Ne7 8. Bc4 O-O 9.
dxe6 Bxe6 10. Bxe6 fxe6 11. Ng5 Qd7 12. Qg4 e5 13. Qe6+ Kh8 14. O-O Rf6 15. Qc4
h6 16. Nf7+ Kh7 17. fxe5 Rxf1+ 18. Qxf1 dxe5 19. Bxh6 Nbc6 20. Be3 Qg4 21. Qf2
Kg8 22. h3 Qh5 23. Ng5 Rf8 24. Qd2 Nd4 25. Rf1 Rxf1+ 26. Kxf1 Bh6 27. Ne2 Bxg5
28. Bxg5 Qh7 29. c3 Qf7+ 30. Ke1 Ne6 31. Bxe7 Qxe7 32. Qd5 Kh7 33. Qxe5 Qd7 34.
g3 Ng7 35. Qxc5 Qxa4 36. Qb4 Qd7 37. h4 b5 38. Qd4 Qg4 39. e5 Qf3 40. Kd2 Nf5
41. Qd3 Qf2 42. b4 Kg7 43. Qd7+ Kh6 44. Qd3 Kg7 45. Qd7+ Kh6 46. Qd3 Kg7 1/2-1/2

[Event "World Senior Teams +50"]
[Site "Radebeul GER"]
[Date "2016.07.02"]
[Round "7.10"]
[Board "2"]
[White "Rust-Lux, Klaus"]
[Black "Hoehn, Michael"]
[Result "1/2-1/2"]
[WhiteElo "2074"]
[BlackElo "2069"]
[WhiteTeam "Werder/BSG Bremen"]
[BlackTeam "VSG 1880 Offenbach"]
[WhiteFideId "24682047"]
[BlackFideId "4622693"]
[EventDate "2016.06.26"]

1. Nf3 g6 2. g3 b6 3. Bg2 Bb7 4. O-O Bg7 5. d4 e6 6. Nbd2 Ne7 7. e4 d6 8. Re1
Nd7 9. Nf1 h6 10. h4 O-O 11. c3 e5 12. N3h2 Kh7 13. dxe5 dxe5 14. Be3 Bc6 15. b4
a5 16. a4 axb4 17. cxb4 f5 18. b5 Bxe4 19. Bxe4 fxe4 20. Qc2 Nf6 21. Rad1 Ned5
22. Qc4 Qd7 23. Qb3 Qf7 24. Ra1 Rfd8 25. Red1 Rd7 26. Rd2 Rad8 27. Rad1 Bf8 28.
Rc1 Bb4 29. Rdd1 Qe7 30. Rc6 Rd6 31. Rxd6 Qxd6 32. g4 Bc5 33. Qc4 Bd4 34. Bxd4
exd4 35. Qxd4 Nf4 36. Qxd6 cxd6 37. Ng3 d5 38. Kf1 Ra8 39. g5 hxg5 40. hxg5 N6h5
41. Ng4 Rxa4 42. Nxh5 Nxh5 43. Rc1 Rb4 44. Rc7+ Kg8 45. Rc6 Rxb5 46. Rxg6+ Ng7
47. Rd6 Kf7 48. Nf6 Nf5 49. Rxd5 Rxd5 50. Nxd5 b5 51. Nc3 Nd6 52. Nd5 Kg6 53.
Ke2 Kxg5 54. Ke3 Kf5 55. Ne7+ Ke5 56. Nc6+ Kd5 57. Nb4+ Kc5 58. Nc2 Kd5 59. Nb4+
Kc4 60. Nc2 Kc3 61. Nd4 b4 62. Ne2+ Kc4 63. Nc1 Kd5 64. Kd2 Nf5 65. Nb3 Nd4 66.
Nc1 Kc4 67. Ke3 Kd5 68. Kd2 Nf3+ 69. Ke3 Kc5 70. Nb3+ Kd5 1/2-1/2

[Event "World Senior Teams +50"]
[Site "Radebeul GER"]
[Date "2016.07.02"]
[Round "7.10"]
[Board "3"]
[White "Trumpp, Lothar"]
[Black "Franke, Reiner"]
[Result "1/2-1/2"]
[WhiteElo "2037"]
[BlackElo "2274"]
[WhiteTeam "VSG 1880 Offenbach"]
[BlackTeam "Werder/BSG Bremen"]
[WhiteFideId "4673514"]
[BlackFideId "4603680"]
[EventDate "2016.06.26"]

1. Nc3 c5 2. Nf3 Nc6 3. e4 g6 4. d3 Bg7 5. g3 e6 6. Bg2 Nge7 7. Be3 Nd4 8. O-O
d6 9. Qd2 e5 10. Ne2 Nxf3+ 11. Bxf3 Bh3 12. Bg2 Bxg2 13. Kxg2 O-O 14. c4 1/2-1/2

[Event "World Senior Teams +50"]
[Site "Radebeul GER"]
[Date "2016.07.02"]
[Round "7.11"]
[Board "1"]
[White "Kyas, Juergen"]
[Black "Gempe, Thomas"]
[Result "1/2-1/2"]
[BlackTitle "FM"]
[WhiteElo "2190"]
[BlackElo "2206"]
[WhiteTeam "SV Eiche Reichenbrand"]
[BlackTeam "Schachfreunde Leipzig 50+"]
[WhiteFideId "4618157"]
[BlackFideId "4615638"]
[EventDate "2016.06.26"]

1. e4 c5 2. Nf3 d6 3. d4 cxd4 4. Nxd4 Nf6 5. Nc3 a6 6. Be2 Nbd7 7. O-O b5 8. Be3
Bb7 9. f3 g6 10. a4 b4 11. Na2 d5 12. Nxb4 dxe4 13. f4 Bg7 14. c4 O-O 15. Nbc6
Qe8 16. b4 1/2-1/2

[Event "World Senior Teams +50"]
[Site "Radebeul GER"]
[Date "2016.07.02"]
[Round "7.11"]
[Board "3"]
[White "Doering, Hans-Ulrich"]
[Black "Teichgraeber, Michael"]
[Result "1-0"]
[WhiteElo "2131"]
[BlackElo "2081"]
[WhiteTeam "SV Eiche Reichenbrand"]
[BlackTeam "Schachfreunde Leipzig 50+"]
[WhiteFideId "24642495"]
[BlackFideId "4683129"]
[EventDate "2016.06.26"]

1. d4 c5 2. d5 g6 3. e4 d6 4. c4 Bg7 5. Nf3 Nf6 6. Nc3 Na6 7. Be2 O-O 8. O-O Nc7
9. Ne1 e6 10. a4 Re8 11. f3 Na6 12. dxe6 Rxe6 13. Nd3 Nh5 14. Be3 Qe8 15. g4 Bd4
16. Bxd4 cxd4 17. Nb5 Ng7 18. Nf4 Re5 19. Qxd4 Bxg4 20. Nxd6 Qe7 21. fxg4 Rd8
22. Rad1 Ne8 23. Nd3 Re6 24. c5 Nxd6 25. cxd6 Rdxd6 26. Qf2 Rxe4 27. Nf4 Rxd1
28. Bxd1 f5 29. gxf5 gxf5 30. Nh5 f4 31. Nxf4 Nc5 32. Nh5 Re6 33. Kh1 Rg6 34.
Qf4 Nd7 35. Bb3+ 1-0

[Event "World Senior Teams +50"]
[Site "Radebeul GER"]
[Date "2016.07.02"]
[Round "7.11"]
[Board "4"]
[White "Schober, Ralf"]
[Black "Koetzsch, Ulrich"]
[Result "1/2-1/2"]
[WhiteElo "2029"]
[BlackElo "2106"]
[WhiteTeam "Schachfreunde Leipzig 50+"]
[BlackTeam "SV Eiche Reichenbrand"]
[WhiteFideId "4673140"]
[BlackFideId "4689771"]
[EventDate "2016.06.26"]

1. Nf3 f5 2. g3 g6 3. Bg2 Bg7 4. d4 Nh6 5. c4 Nf7 6. Nc3 c6 7. O-O d6 8. e4 e5
9. dxe5 dxe5 10. Qxd8+ Kxd8 11. Rd1+ Kc7 12. Ng5 Nxg5 13. Bxg5 Re8 14. Be3 Na6
15. Rd2 Be6 16. Rad1 Rad8 17. Rxd8 Rxd8 18. Rxd8 Kxd8 19. b3 Kc7 20. Kf1 b6 21.
Ke2 Nb4 22. Kd2 Kd7 23. a3 Na6 24. Bf1 Nc5 25. Bxc5 bxc5 26. f3 Bh6+ 27. Kd3 Bc1
28. a4 Ke7 29. Bg2 Kd6 30. Bf1 Kc7 31. Be2 Kd6 32. Bf1 Ke7 33. Bg2 Kf6 34. Ne2
Bh6 35. Nc3 Bc1 36. h3 Bb2 37. Ne2 a5 38. f4 fxe4+ 39. Bxe4 Bxh3 40. Ke3 Bd4+
41. Kf3 Bd7 42. g4 exf4 43. b4 axb4 44. a5 Ke5 45. a6 Bc8 46. a7 1/2-1/2

[Event "World Senior Teams +50"]
[Site "Radebeul GER"]
[Date "2016.07.02"]
[Round "7.12"]
[Board "1"]
[White "Gregor, George"]
[Black "Giulian, Philip M"]
[Result "1/2-1/2"]
[BlackTitle "FM"]
[WhiteElo "2226"]
[BlackElo "2127"]
[WhiteTeam "Sachsen-Anhalt"]
[BlackTeam "Scotland"]
[WhiteFideId "4640330"]
[BlackFideId "2400197"]
[EventDate "2016.06.26"]

1. c4 f5 2. g3 Nf6 3. Bg2 d6 4. Nc3 e5 5. d3 Nc6 6. e3 g6 7. Nge2 Bg7 8. O-O O-O
9. Rb1 a5 10. a3 g5 11. f4 gxf4 12. exf4 Ne7 13. fxe5 dxe5 14. d4 e4 15. Kh1 c6
16. Nf4 Ng6 17. Nce2 Nxf4 18. Nxf4 Qe7 19. a4 1/2-1/2

[Event "World Senior Teams +50"]
[Site "Radebeul GER"]
[Date "2016.07.02"]
[Round "7.12"]
[Board "2"]
[White "Findlay, David John"]
[Black "Mikolajewski, Armin"]
[Result "1/2-1/2"]
[WhiteElo "2132"]
[BlackElo "2076"]
[WhiteTeam "Scotland"]
[BlackTeam "Sachsen-Anhalt"]
[WhiteFideId "2400278"]
[BlackFideId "24611468"]
[EventDate "2016.06.26"]

1. e4 e5 2. Nc3 Nf6 3. g3 d5 4. exd5 Nxd5 5. Bg2 Nxc3 6. bxc3 Bd6 7. Nf3 O-O 8.
O-O Nc6 9. d4 Bg4 10. Qd3 h6 11. Re1 Qf6 12. Bb2 Rfe8 13. Nd2 Bf5 14. Ne4 Qg6
15. Qb5 Rab8 16. d5 a6 17. Qa4 Ne7 18. c4 b5 19. cxb5 axb5 20. Qb3 Bxe4 21. Rxe4
c5 22. Bxe5 c4 23. Qf3 Bxe5 24. Rxe5 f6 25. Re4 Rbd8 26. Rae1 Nc8 27. Rxe8+ Rxe8
28. Rxe8+ Qxe8 29. Qe4 Qxe4 30. Bxe4 Nd6 31. Bg6 1/2-1/2

[Event "World Senior Teams +50"]
[Site "Radebeul GER"]
[Date "2016.07.02"]
[Round "7.12"]
[Board "3"]
[White "Katz, Roland"]
[Black "Giulian, Rosemary A"]
[Result "1/2-1/2"]
[WhiteElo "2057"]
[BlackElo "1864"]
[WhiteTeam "Sachsen-Anhalt"]
[BlackTeam "Scotland"]
[WhiteFideId "4623916"]
[BlackFideId "2400375"]
[EventDate "2016.06.26"]

1. e4 e6 2. d4 d5 3. exd5 exd5 4. c4 Nf6 5. Nc3 dxc4 6. Bxc4 c6 7. h3 Bd6 8. Nf3
O-O 9. O-O Bf5 10. Bg5 h6 11. Be3 Nbd7 12. Rc1 Nb6 13. Bb3 Nbd5 14. Nxd5 Nxd5
15. Bxd5 cxd5 16. Ne5 f6 17. Nf3 1/2-1/2

[Event "World Senior Teams +50"]
[Site "Radebeul GER"]
[Date "2016.07.02"]
[Round "7.12"]
[Board "4"]
[White "Jennings, Richard"]
[Black "Domaske, Andreas"]
[Result "1-0"]
[WhiteElo "1855"]
[BlackElo "1946"]
[WhiteTeam "Scotland"]
[BlackTeam "Sachsen-Anhalt"]
[WhiteFideId "2404435"]
[BlackFideId "24666319"]
[EventDate "2016.06.26"]

1. c4 c5 2. Nc3 Nc6 3. d3 Nf6 4. g3 d5 5. cxd5 Nxd5 6. Bg2 Nxc3 7. bxc3 g6 8.
Be3 Bg7 9. Qd2 Qa5 10. Rc1 Be6 11. Nf3 O-O 12. O-O Rad8 13. Bh6 Qc7 14. Bxg7
Kxg7 15. Ng5 Bc8 16. Qb2 e5 17. d4 f6 18. Nf3 Qb6 19. Qxb6 axb6 20. dxe5 Nxe5
21. Nxe5 fxe5 22. Rfd1 Bg4 23. Kf1 Be6 24. a3 Rxd1+ 25. Rxd1 Ra8 26. Ra1 Rd8 27.
Ke1 Bb3 28. Bxb7 c4 29. Be4 Rd7 30. h4 h5 31. e3 Kf6 32. Ke2 g5 33. hxg5+ Kxg5
34. f4+ exf4 35. gxf4+ Kf6 36. Rg1 Ra7 37. Ra1 Rg7 38. Rh1 Rd7 39. Rg1 Ra7 40.
Ra1 Rg7 41. a4 Ra7 42. Bc6 Rc7 43. Be8 h4 44. a5 bxa5 45. Rxa5 Rg7 46. Bc6 Rg1
47. Kf2 Rc1 48. Rh5 Rc2+ 49. Kf3 Rh2 50. Ke4 h3 51. Rh6+ Kg7 52. Rh4 Rc2 53. Kd4
h2 54. e4 Rd2+ 55. Kc5 Bd1 56. e5 Bb3 57. Be4 Re2 58. Bd5 Rf2 59. Kd6 Ba4 60. f5
Rxf5 61. Rxh2 Be8 62. Rg2+ Kh6 63. Bxc4 Rf3 64. Rc2 Bg6 65. Rc1 Kg7 66. Bd5 Rd3
67. c4 Ra3 68. e6 Ra6+ 69. Ke5 Kf8 70. Kf6 Bf7 71. Rb1 1-0

[Event "World Senior Teams +50"]
[Site "Radebeul GER"]
[Date "2016.07.02"]
[Round "7.13"]
[Board "1"]
[White "Erneste, Inguna"]
[Black "Scheuermann, Bernhard"]
[Result "1-0"]
[WhiteTitle "WGM"]
[WhiteElo "2149"]
[BlackElo "2229"]
[WhiteTeam "Latvia Women"]
[BlackTeam "SV Dresden-Striesen 1990 e.V."]
[WhiteFideId "11600241"]
[BlackFideId "16203283"]
[EventDate "2016.06.26"]

1. e4 e6 2. d4 d5 3. Nd2 Nc6 4. Ngf3 Nf6 5. e5 Nd7 6. c3 f6 7. exf6 Qxf6 8. Bb5
Bd6 9. O-O O-O 10. Re1 Ne7 11. Qe2 c6 12. Bd3 Nb6 13. Ne5 Bxe5 14. dxe5 Qf7 15.
Nf3 h6 16. Nd4 Bd7 17. f4 c5 18. Nf3 Bc6 19. Be3 Nd7 20. Rf1 Nf5 21. Bd2 Qh5 22.
Rae1 a6 23. Bc1 b5 24. b3 Rae8 25. Bb1 Rf7 26. Qf2 b4 27. cxb4 Bb5 28. bxc5 Bxf1
29. Rxf1 Rc8 30. b4 Rff8 31. Nd4 Nxd4 32. Qxd4 g5 33. f5 g4 34. Rf4 Kh8 35. fxe6
Nxe5 36. Bb2 Rxf4 37. Qxe5+ 1-0

[Event "World Senior Teams +50"]
[Site "Radebeul GER"]
[Date "2016.07.02"]
[Round "7.13"]
[Board "2"]
[White "Arenhoevel, Mark"]
[Black "Vilerte, Tamara"]
[Result "1/2-1/2"]
[BlackTitle "WGM"]
[WhiteElo "2090"]
[BlackElo "2030"]
[WhiteTeam "SV Dresden-Striesen 1990 e.V."]
[BlackTeam "Latvia Women"]
[WhiteFideId "4684540"]
[BlackFideId "11602589"]
[EventDate "2016.06.26"]

1. c4 c5 2. Nc3 Nc6 3. g3 g6 4. Bg2 Bg7 5. a3 a6 6. Rb1 Rb8 7. b4 cxb4 8. axb4
b5 9. cxb5 axb5 10. Nf3 Nf6 11. O-O O-O 12. d3 Qc7 13. Bd2 d6 14. e3 Ne5 15.
Nxe5 dxe5 16. Qe2 Be6 17. Rfd1 1/2-1/2